00997 2200349 4500001002100000005001500021035002000036007000300056040001700059100003200076245006800108250000900176300004200185504003000227020002200257041000800279082001200287084001800299090002800317264004200345336002100387337003000408338002300438500002900461650001200490700002200502850001000524008004100534990002400575990002400599990002400623INLIS00000000000957320260417084947 a0010-1222000178ta aSBPUPADbind aHamidah Jauhary;ePengarang1 aSehat Tanpa Obat Dengan Tomat /cHamidah Jauhary, Editor; Ignas aEd.1 axii + 132 hlm. :bilus. ;c15 x 21 cm aBibiliografi, hlm 115-126 a978-979-29-6077-80 aind a615.321 a615.321 HAM s a615.321 HAM s L 17 R 10 aYogyakarta :bRapha Publishing,c2017 2rdacontentateks 2rdamediaatanpa perantara 2rdacarrieravolume aTentang Penulis, hlm 127 4aHerbal, aIgnas,ePengarang aPUPAD260417 0  a33.543/DAK/DPK/2019 a33.544/DAK/DPK/2019 a33.545/DAK/DPK/2019